[Event "Wch U20 Girls 32nd"]
[Site "Pune"]
[Date "2014.10.14"]
[Round "8"]
[White "Turkova, Karolina"]
[Black "Divya, Lakshmi R"]
[Result "1/2-1/2"]
[WhiteElo "2033"]
[BlackElo "1905"]
[PlyCount "107"]
[EventDate "2014.10.06"]
[EventType "swiss"]
[EventRounds "13"]
[EventCountry "IND"]
[SourceTitle "EXT 2015"]
[Source "ChessBase"]
[SourceDate "2014.11.20"]
[SourceVersion "1"]
[SourceVersionDate "2014.11.20"]
[SourceQuality "1"]

1. e4 c5 2. Nf3 d6 3. d4 cxd4 4. Nxd4 Nf6 5. Nc3 a6 6. Be3 e5 7. Nb3 Be6 8. f3 Be7 9. Qd2 0-0 10. 0-0-0 Nbd7 11. g4 Qc7 12. g5 Nh5 13. Nd5 Bxd5 14. exd5 a5 15. Kb1 a4 16. Nc1 Nb6 17. Qf2 Nc4 18. Bxc4 Qxc4 19. h4 Rfc8 20. Rhg1 a3 21. b3 Qc3 22. Nd3 Ra5 23. Bc1 Bf8 24. Rg4 g6 25. Qd2 Qxd2 26. Rxd2 Rxd5 27. Bxa3 Nf4 28. Bb4 Ne6 29. Re4 h6 30. gxh6 Bxh6 31. Rg2 Nf4 32. Nxf4 Rd1+ 33. Kb2 Bxf4 34. Re1 Rxe1 35. Bxe1 d5 36. a4 Kh7 37. Bb4 e4 38. fxe4 Be5+ 39. Ka3 dxe4 40. c4 f5 41. h5 f4 42. hxg6+ Kg7 43. Rg5 Bf6 44. Rg4 Be5 45. Rg5 Bf6 46. Rg4 Be5 47. Rg5 Bf6 48. Rg4 Be5 49. Rg5 f3 50. Rxe5 f2 51. Rf5 e3 52. Bc3+ Kxg6 53. Rf6+ Kg5 54. Bd4 1/2-1/2

[Event "Wch U20 Girls 32nd"]
[Site "Pune"]
[Date "2014.10.11"]
[Round "6"]
[White "Parnali, S Dharia"]
[Black "Divya, Lakshmi R"]
[Result "1-0"]
[WhiteElo "1904"]
[BlackElo "1905"]
[PlyCount "119"]
[EventDate "2014.10.06"]
[EventType "swiss"]
[EventRounds "13"]
[EventCountry "IND"]
[SourceTitle "EXT 2015"]
[Source "ChessBase"]
[SourceDate "2014.11.20"]
[SourceVersion "1"]
[SourceVersionDate "2014.11.20"]
[SourceQuality "1"]

1. d4 d5 2. Nf3 Nf6 3. Nbd2 Bf5 4. Nh4 Bg6 5. Nxg6 hxg6 6. c4 e6 7. Qb3 Nc6 8. e3 Ng4 9. h3 Bb4 10. Be2 Nf6 11. a3 Bxd2+ 12. Bxd2 Rb8 13. cxd5 exd5 14. Bb5 0-0 15. Rc1 Ne4 16. Qd3 Qf6 17. 0-0 Rfe8 18. Rc2 Re6 19. Qb3 Rd8 20. Bd3 b6 21. Bxe4 Rxe4 22. Rfc1 Re6 23. Qa4 Ne7 24. Rxc7 a5 25. Qb5 Qg5 26. Rd7 Rf8 27. Rcc7 Qh4 28. b4 Rf6 29. Qe2 Nf5 30. Rxd5 Qe4 31. Re5 Qb1+ 32. Rc1 Qb2 33. bxa5 bxa5 34. Qd3 Nd6 35. Qc3 Qb7 36. Qxa5 Ne4 37. Rb5 Qd7 38. Be1 Rc8 39. Rxc8+ Qxc8 40. Qa7 Kh7 41. Qb7 Qc1 42. Qxe4 Qxe1+ 43. Kh2 Rf5 44. Rxf5 gxf5 45. Qxf5+ Kg8 46. a4 g6 47. Qf4 Qa5 48. Qb8+ Kh7 49. Qe8 Qc7+ 50. Qe5 Qc2 51. Qf6 Qc7+ 52. Qf4 Qe7 53. a5 g5 54. Qe5 Qd8 55. a6 f6 56. Qe4+ Kh6 57. Qb7 Qd6+ 58. g3 Qe6 59. a7 Qf5 60. Kg1 1-0

[Event "Wch U20 Girls 32nd"]
[Site "Pune"]
[Date "2014.10.06"]
[Round "1"]
[White "Divya, Lakshmi R"]
[Black "Frayna, Janelle Mae"]
[Result "0-1"]
[WhiteElo "1905"]
[BlackElo "2140"]
[PlyCount "60"]
[EventDate "2014.10.06"]
[EventType "swiss"]
[EventRounds "13"]
[EventCountry "IND"]
[SourceTitle "EXT 2015"]
[Source "ChessBase"]
[SourceDate "2014.11.20"]
[SourceVersion "1"]
[SourceVersionDate "2014.11.20"]
[SourceQuality "1"]

1. e4 e6 2. d4 d5 3. Nc3 Bb4 4. e5 c5 5. a3 cxd4 6. Qxd4 Nc6 7. Bb5 Bf8 8. Nf3 Nge7 9. Qd1 Bd7 10. 0-0 Ng6 11. Re1 Be7 12. Bd3 0-0 13. Nb5 f6 14. exf6 Bxf6 15. c4 dxc4 16. Bxc4 Nce5 17. Nxe5 Nxe5 18. Bf1 Bc6 19. Bf4 Ng6 20. Bd6 Rf7 21. Bc4 Bxb5 22. Bxb5 Qb6 23. Bc4 Rd8 24. Rxe6 Bxb2 25. Qe2 Bxa1 26. Re8+ Nf8 27. Bb4 Rxe8 28. Qxe8 Qxf2+ 29. Kh1 Qf1+ 30. Bxf1 Rxf1# 0-1